| Tag |
First Indicator |
Second Indicator |
Subfields |
| LEADER |
00000cam a2200000 a 4500 |
| 001 |
in00000001428 |
| 007 |
he bmb024bbca |
| 008 |
980511s1997 dcu bb f000 0 eng c |
| 005 |
20230309222501.9 |
| 035 |
|
|
|a (OCoLC)ocm39097517
|
| 035 |
|
|
|9 AJB3621AM
|
| 035 |
|
|
|a in00000001428
|
| 037 |
|
|
|a 158449
|b GAO (202) 512-6000 (Voice); (202) 512-6061 (Fax)
|f paper copy
|
| 040 |
|
|
|a LNX
|c LNX
|d GPO
|d DLC
|d MvI
|d UtOrBLW
|
| 042 |
|
|
|a pcc
|
| 043 |
|
|
|a n-us---
|
| 049 |
|
|
|a UMIC
|
| 049 |
|
|
|a WWW
|
| 074 |
|
|
|a 0546-D-01 (MF)
|
| 074 |
|
|
|a 0546-D-01 (online)
|
| 086 |
0 |
|
|a GA 1.5/2:T-HEHS-97-105
|
| 100 |
1 |
|
|a Scanlon, William.
|
| 245 |
1 |
0 |
|a Health insurance for children :
|b declines in employment-based coverage leave millions uninsured; state and private programs offer new approaches : statement of William J. Scanlon, Director, Health Financing and Systems Issues, Health, Education, and Human Services Division, before the Subcommittee on Health, Committee on Ways and Means, House of Representatives /
|c United States General Accounting Office.
|
| 246 |
3 |
0 |
|a Declines in employment-based coverage leave millions uninsured; state and private programs offer new approaches
|
| 246 |
3 |
0 |
|a State and private programs offer new approaches
|
| 264 |
|
1 |
|a Washington, D.C. :
|b The Office,
|c [1997]
|
| 300 |
|
|
|a 12 pages ;
|c 28 cm.
|
| 336 |
|
|
|a text
|b txt
|2 rdacontent
|
| 337 |
|
|
|a microform
|b h
|2 rdamedia
|
| 338 |
|
|
|a microfiche
|b he
|2 rdacarrier
|
| 490 |
1 |
|
|a Testimony ;
|v GAO/T-HEHS-97-105
|
| 500 |
|
|
|a Shipping list number: 98-0406-M.
|
| 500 |
|
|
|a "April 8, 1997."
|
| 500 |
|
|
|a Cover title.
|
| 504 |
|
|
|a Includes bibliographical references.
|
| 533 |
|
|
|a Microfiche.
|b [Washington, D.C.] :
|c U.S. General Accounting Office,
|d [1997?]
|e 1 microfiche : negative.
|
| 530 |
|
|
|a Also available via Internet from the GPO Access web site. Address as of 7/23/2001: http://frwebgate.access.gpo.gov/cgi-bin/getdoc.cgi?dbname=gao&docid=f:he97105t.pdf; current access is available via PURL.
|
| 500 |
|
|
|a Microform.
|
| 650 |
|
0 |
|a Child health services
|z United States.
|
| 650 |
|
0 |
|a Medically uninsured persons
|z United States.
|
| 650 |
|
0 |
|a Health insurance
|z United States.
|
| 650 |
|
0 |
|a Medicaid.
|
| 710 |
1 |
|
|a United States.
|b General Accounting Office.
|
| 710 |
1 |
|
|a United States.
|b Congress.
|b House.
|b Committee on Ways and Means.
|b Subcommittee on Health.
|
| 830 |
|
0 |
|a Testimony ;
|v GAO/T-HEHS-97-105.
|
| 856 |
4 |
1 |
|u https://purl.fdlp.gov/GPO/LPS13557
|z Adobe Acrobat Reader required
|t 0
|
| 999 |
|
|
|a MARS
|
| 999 |
f |
f |
|i ccfc6f31-1cf5-34fb-a340-36a37ba900de
|s 3f9c8365-1fef-32fc-92e1-a40773a57d32
|t 0
|
| 952 |
f |
f |
|p normal
|a Texas A&M University
|b College Station
|c Sterling C. Evans Library
|d Evans: US Documents Microfiche (3rd floor)
|t 0
|e GA 1.5/2:T-HEHS-97-105
|h Superintendent of Documents classification
|i microform -- microfiche
|m A14821963668
|
| 952 |
f |
f |
|a Texas A&M University
|b College Station
|c Electronic Resources
|d Available Online
|t 0
|e GA 1.5/2:T-HEHS-97-105
|h Superintendent of Documents classification
|
| 998 |
f |
f |
|a GA 1.5/2:T-HEHS-97-105
|t 0
|l Evans: US Documents Microfiche (3rd floor)
|
| 998 |
f |
f |
|a GA 1.5/2:T-HEHS-97-105
|t 0
|l Available Online
|